Statistics for Famous Classical Music - Mozart and Haydn

Click here to take the quiz!

General Stats

  • This quiz has been taken 56 times
  • The average score is 9 of 12

Answer Stats

HintAnswer% Correct
Its third movement is popularly known as "Rondo Alla Turca"Piano {Sonata} No. 11
94%
Its Andante movement is well-known for being bright and calm
Famously used in the film Elvira Madigan
Piano {Concerto} No. 21
84%
Its second movement is the melody of the current German national anthemString {Quartet} Op. 76 No. 3 "Emperor"
84%
The "great G minor symphony," arguably Mozart's most iconic symphonySymphony No. {40}
84%
His only concerto written for this high brass instrument{Trumpet} Concerto in E-flat major
80%
Its most famous aria is sung by the Queen of the NightThe Magic Flute
78%
Final composition, containing the Dies irae sequenceRequiem
76%
Its second movement contains a jumpscare chord, thus its nicknameSymphony No. 94 "{Surprise}"
75%
Eine kleine Nachtmusik
(Literally "a little night music")
S{erenade} No. 13
71%
The "little G minor symphony," opening music of the film AmadeusSymphony No. {25}
63%
Though often misattributed to him, he did write 12 variations for this nursery rhyme
Originally "Ah vous dirai-je, Maman" in French
Twinkle Twinkle Little Star
55%
An opera buffa, famous for its overture and "Non più andrai"The Marriage of Figaro
49%

Score Distribution

Percentile by Number Answered

Percent of People with Each Score

Your Score History

You have not taken this quiz